It's raining, it's pouring / by Poppy Green ; ... Read More
Available copies
- 1 of 1 copy available at LARL/NWRL Consortium.
- 1 of 1 copy available at Northwest Regional Library. (Show preferred library)
Current holds
0 current holds with 1 total copy.
Show Only Available Copies
| Location | Call Number / Copy Notes | Barcode | Shelving Location | Status | Due Date |
|---|---|---|---|---|---|
| Thief River Falls Public Library | j GRE (Text) | 35500006882599 | Main | Available | - |
Record details
- ISBN: 9781481485906
- ISBN: 1481485903
- ISBN: 9781481485890
- ISBN: 148148589X
- ISBN: 9781536404999
- ISBN: 1536404993
- Physical Description: 117 pages : illustrations ; 20 cm.
- Edition: First edition.
- Publisher: New York : Little Simon, 2017.
Content descriptions
| Summary, etc.: | Sophie and her classmates build boats and look ... Read More |
| Target Audience Note: | Ages 5-9. |
Search for related items by subject
| Genre: | Fiction Juvenile works Children's stories. Animal fiction. Action and adventure fiction. Fiction. |
Search for related items by series
| LDR | 04746cam a2201057 i 4500 | ||
|---|---|---|---|
| 001 | 470215 | ||
| 003 | LARL_NWRL_CONSORTIUM | ||
| 005 | 20250828163114.0 | ||
| 008 | 170616s2017 nyua b 000 1 engsd | ||
| 010 | . | ‡a 2017287565 | |
| 040 | . | ‡aMWD ‡beng ‡erda ‡cDLC ‡dMWD ‡dYDXCP ‡dBTCTA ‡dBDX ‡dSINLB ‡dOQX ‡dJBL ‡dRIOSL ‡dHPWJL ‡dVP@ ‡dEHH ‡dOCLCF ‡dOCLCO ‡dCHILD ‡dOCLCQ ‡dT3H ‡dIHX ‡dNZLPP ‡dLKC ‡dIGA ‡dOCLCQ ‡dJST ‡dJDP ‡dOCLCO ‡dALD ‡dOCLCO ‡dNZAUC ‡dJX9 ‡dOCLCQ ‡dATBIA ‡dOCLCO ‡dRNL ‡dOCLCO ‡dOCLCL ‡dOCLCQ ‡dOCLCO ‡dCLE ‡dKYC ‡dSPP ‡dJCH ‡dZGR ‡dLMJ ‡dIG# ‡dOCLCQ | |
| 019 | . | ‡a973746285 ‡a973931681 ‡a979559557 | |
| 020 | . | ‡a9781481485906 ‡q(hbk.) | |
| 020 | . | ‡a1481485903 ‡q(hbk.) | |
| 020 | . | ‡a9781481485890 | |
| 020 | . | ‡a148148589X | |
| 020 | . | ‡a9781536404999 ‡q(library binding) | |
| 020 | . | ‡a1536404993 ‡q(library binding) | |
| 020 | . | ‡z9781481485913 | |
| 035 | . | ‡a(OCoLC)951071133 ‡z(OCoLC)973746285 ‡z(OCoLC)973931681 ‡z(OCoLC)979559557 | |
| 037 | . | ‡bSimon & Schuster, 100 Front st, Riverside, NJ, USA, 08075-7500 ‡nSAN 200-2442 | |
| 042 | . | ‡alccopycat | |
| 082 | 0 | 0. | ‡a[Fic] ‡223 |
| 100 | 1 | . | ‡aGreen, Poppy, ‡eauthor. ‡1https://id.oclc.org/worldcat/entity/E39PCjCXXgpb6HPPMwpjHjxjQ3 |
| 245 | 1 | 0. | ‡aIt's raining, it's pouring / ‡cby Poppy Green ; illustrated by Jennifer A. Bell. |
| 246 | 3 | . | ‡aIt is raining, it is pouring |
| 250 | . | ‡aFirst edition. | |
| 264 | 1. | ‡aNew York : ‡bLittle Simon, ‡c2017. | |
| 300 | . | ‡a117 pages : ‡billustrations ; ‡c20 cm. | |
| 336 | . | ‡atext ‡btxt ‡2rdacontent | |
| 337 | . | ‡aunmediated ‡bn ‡2rdamedia | |
| 338 | . | ‡avolume ‡bnc ‡2rdacarrier | |
| 490 | 0 | . | ‡aAdventures of Sophie Mouse ; ‡v10 |
| 521 | 1 | . | ‡aAges 5-9. |
| 520 | . | ‡aSophie and her classmates build boats and look forward to testing them in Goldmoss Pond. While it hasn't rained in a week, that's about to change. | |
| 650 | 0. | ‡aMice ‡vJuvenile fiction. ‡0(LARL_NWRL_CONSORTIUM)166198 | |
| 650 | 0. | ‡aSchool children ‡vJuvenile fiction. | |
| 650 | 0. | ‡aShip models ‡vJuvenile fiction. | |
| 650 | 0. | ‡aRain and rainfall ‡vJuvenile fiction. | |
| 650 | 1. | ‡aMice ‡vFiction. | |
| 650 | 1. | ‡aAnimals ‡vFiction. ‡0(LARL_NWRL_CONSORTIUM)162060 | |
| 650 | 1. | ‡aBoatbuilding ‡vFiction. | |
| 650 | 1. | ‡aRain ‡vFiction. | |
| 650 | 1. | ‡aSchools ‡vFiction. ‡0(LARL_NWRL_CONSORTIUM)167222 | |
| 650 | 7. | ‡aJUVENILE FICTION ‡xAnimals ‡xMice, Hamsters, Guinea Pigs, etc. ‡2bisacsh | |
| 650 | 7. | ‡aJUVENILE FICTION ‡xNature & the Natural World. ‡2bisacsh | |
| 650 | 7. | ‡aJUVENILE FICTION ‡xReader ‡xChapter Books. ‡2bisacsh | |
| 650 | 7. | ‡aMice ‡2fast ‡0(LARL_NWRL_CONSORTIUM)25665 | |
| 650 | 7. | ‡aRain and rainfall ‡2fast ‡0(LARL_NWRL_CONSORTIUM)29388 | |
| 650 | 7. | ‡aSchool children ‡2fast ‡0(LARL_NWRL_CONSORTIUM)30320 | |
| 650 | 7. | ‡aShip models ‡2fast ‡0(LARL_NWRL_CONSORTIUM)30886 | |
| 655 | 7. | ‡aFiction ‡2fast | |
| 655 | 7. | ‡aJuvenile works ‡2fast | |
| 655 | 7. | ‡aChildren's stories. ‡2gsafd | |
| 655 | 7. | ‡aAnimal fiction. ‡2lcgft | |
| 655 | 7. | ‡aAction and adventure fiction. ‡2lcgft | |
| 655 | 7. | ‡aFiction. ‡2lcgft | |
| 700 | 1 | . | ‡aBell, Jennifer ‡q(Jennifer A.), ‡d1977- ‡eillustrator. |
| 901 | . | ‡a470215 ‡bAUTOGEN ‡c470215 ‡tbiblio | |

Add to basket
Permalink
Enable Highlighting